000
00319nam a2200109Ia 4500
008
171211s9999 xx 000 0 und d
245
_a
Endgame Preparation: Advanced Analysis of Important Areas
245
_c
Jon Speelman
260
_c
2003
650
_x
GAMES
856
_u
http://down.ebook777.com/054/9780713440003.pdf
999
_c
348945
_d
348945